BUSINESS SCENARIOUS (Record no. 138231)

MARC details
000 -LEADER
fixed length control field 00349pam a2200145 a 4500
020 ## - INTERNATIONAL STANDARD BOOK NUMBER
International Standard Book Number 0-07-061565-3
Terms of availability
041 ## - LANGUAGE CODE
Language code of original
082 ## - DEWEY DECIMAL CLASSIFICATION NUMBER
Classification number 658
100 ## - MAIN ENTRY--PERSONAL NAME
Personal name SCHULTZ, H.
245 ## - TITLE STATEMENT
Title BUSINESS SCENARIOUS
Medium Textual Documents
260 ## - PUBLICATION, DISTRIBUTION, ETC.
Place of publication, distribution, etc. NEW DELHI
Name of publisher, distributor, etc. TATA MCGRAW-HILL PUBLISHING COMPANY LTD
Date of publication, distribution, etc. 2007
300 ## - PHYSICAL DESCRIPTION
Extent 142
653 ## - INDEX TERM--UNCONTROLLED
Uncontrolled term BUSINESS
930 ## - EQUIVALENCE OR CROSS-REFERENCE-UNIFORM TITLE HEADING [LOCAL, CANADA]
Uniform title 19119
Holdings
Withdrawn status Lost status Damaged status Not for loan Collection Home library Current library Date acquired Source of acquisition Cost, normal purchase price Total Checkouts Full call number Barcode Date last seen Copy number Price effective from Koha item type
          Institute of Management & Entrepreneurship Development, Pune Institute of Management & Entrepreneurship Development, Pune 19/04/2011 BHARATI MADH. SAHA. GRAH. BHANDAR LTD. 125.00   658 IMP-IM-17366 01/03/2023 1 01/03/2023 Book